<?xml version="1.0" encoding="UTF-8"?>
<collection xmlns="http://www.loc.gov/MARC21/slim">
 <record>
  <leader>01233nam a2200169Ia 4500</leader>
  <controlfield tag="001">TDMU_20171</controlfield>
  <controlfield tag="008">210410s9999    xx            000 0 und d</controlfield>
  <datafield tag="082" ind1=" " ind2=" ">
   <subfield code="a">959.7043</subfield>
  </datafield>
  <datafield tag="090" ind1=" " ind2=" ">
   <subfield code="b">H450</subfield>
  </datafield>
  <datafield tag="245" ind1=" " ind2="0">
   <subfield code="a">Hồ sơ vĩ tuyến 17 (1954-1975)</subfield>
  </datafield>
  <datafield tag="260" ind1=" " ind2=" ">
   <subfield code="b">Lao động</subfield>
  </datafield>
  <datafield tag="260" ind1=" " ind2=" ">
   <subfield code="c">2011</subfield>
  </datafield>
  <datafield tag="300" ind1=" " ind2=" ">
   <subfield code="a">466 tr.</subfield>
  </datafield>
  <datafield tag="520" ind1=" " ind2=" ">
   <subfield code="a">Ngoài phần giới thiệu có hai phần chính: Phần 1: Vĩ tuyến 17- Vì sao? - Tuyển chọn những tư liệu gốc từ Hiệp định Giơnevơ; Phần 2: Vĩ tuyến 17 - Ngày và đêm với những chuyện kể đôi bờ vĩ tuyến qua hồi ức chiến tranh của các tướng lĩnh; những cán bộ chỉ huy, các phóng viên chiến trường về cuộc chiến đấu oanh liệt của quân và dân Vĩnh Linh dưới lòng địa đạo giữ dân, giữ đất...</subfield>
  </datafield>
  <datafield tag="650" ind1=" " ind2=" ">
   <subfield code="a">Chiến tranh Việt Nam</subfield>
   <subfield code="x">1954-1975; Lịch sử Việt Nam</subfield>
   <subfield code="x">Vĩ tuyến 17</subfield>
   <subfield code="y">1954-1975; Kháng chiến chống Mỹ</subfield>
   <subfield code="z">Việt Nam </subfield>
  </datafield>
  <datafield tag="856" ind1=" " ind2=" ">
   <subfield code="u">http://lrc.tdmu.edu.vn/opac/search/detail.asp?aID=2&amp;ID=20171</subfield>
  </datafield>
  <datafield tag="980" ind1=" " ind2=" ">
   <subfield code="a">Trung tâm Học liệu Trường Đại học Thủ Dầu Một</subfield>
  </datafield>
 </record>
</collection>
